Statistics for Country to Capital Chain Game #4

Click here to take the quiz!

General Stats

  • This quiz has been taken 29 times
  • The average score is 15 of 20

Answer Stats

CountryCapital% Correct
EgyptCairo
100%
AustraliaCanberra
96%
MoroccoRabat
88%
TaiwanTaipei
83%
EstoniaTallinn
83%
IrelandDublin
83%
NicaraguaManagua
79%
TunisiaTunis
71%
KuwaitKuwait City
71%
United StatesWashington D.C.
71%
ColombiaBogota
71%
BhutanThimphu
71%
San MarinoSan Marino
71%
GreeceAthens
71%
AlgeriaAlgiers
71%
ItalyRome
71%
East TimorDili
71%
SamoaApia
63%
KiribatiSouth Tarawa
58%
FranceParis
58%

Score Distribution

Percentile by Number Answered

Percent of People with Each Score

Your Score History

You have not taken this quiz